Statistics for Awesome 80s and 90s Cartoon Theme Songs

Click here to take the quiz!

General Stats

  • This quiz has been taken 2,389 times
  • The average score is 9 of 30

Answer Stats

HintAnswer% Correct
The _____, more than meets the eye! The ______, robots in disguise!The Transformers
72%
They're ___ & ____. Yes, ____ & _____. One is a genius, the other's insane.Pinky & The Brain
67%
Daring duck of mystery, champion of rightDarkWing Duck
61%
_______, he's our hero! Gonna take pollution down to zero!Captain Planet
60%
Life is like a hurricaneDuck Tales
59%
We're tiny, we're toony, we're all a little loonyTiny Toon Adventures
58%
It's time for _________, and we're zany to the max!Animaniacs
57%
Fabulous secret powers were revealed to me the day I held aloft my magic swordHe-Man
57%
They're the world's most fearsome fighting teens (we're really hip)Teenage Mutant Ninja Turtles
51%
I wanna be the very best, like noone ever wasPokemon
49%
La la la la la la la la la la laThe Smurfs
40%
Glamor and glitter fashion and fame, ___! ___ is truly outrageousJem and the Holograms
33%
______ are on the move! ________ are loose!Thundercats
33%
Dashing and daring, courageous and caring, faithful and friendly with stories to shareGummi Bears
29%
He'll never give up he's always there! Fighting for freedom over land and air!GI Joe
26%
Sometimes some crime goes slippin' through the cracksChip n' Dale's Rescue Rangers
24%
Fighting evil by moonlight, winning love by daylight, never running from a real fightSailor Moon
23%
Oh-ee-ay! _____! Oh-ee-oh! _____! Friends for life through thick and thinTaleSpin
19%
Masked crusaders working overtime fighting crime! Fighting crime!M.A.S.K.
14%
1000 years ago, superstition and the sword ruledGargoyles
12%
When your world looks kinda weird and you wish that you weren't thereMuppet Babies
12%
____, number one super guy. _______, quicker than the human eye.Hong Kong Phooey
11%
Watch out cause here we come. It's been a while but we're back in styleAlvin and the Chipmunks
10%
Wings of silver, nerves of steel _______! Partly metal, partly real _______!Silverhawks
10%
Swing your arms from side to side, c'mon it's time to go do the _____!Super Mario Bros. Super Show
9%
Fighting crime in a future timeC.O.P.S.
6%
Friends are there to help you get started, to give you a push on your wayGarfield and Friends
6%
____, _____, noone should terrify their neighborhoodHeathcliff
6%
_____! Knights of the magical light! ______! With magical powers they fight!Visionaries
5%
Out of the sky, his rockets ignite, Jets into battle flying faster than lightDefenders of the Earth
3%

Score Distribution

Percentile by Number Answered

Percent of People with Each Score

Your Score History

You have not taken this quiz